Applied calculus : for businnes, social sciences, and life sciences
Αποθηκεύτηκε σε:
| Άλλοι συγγραφείς: | |
|---|---|
| Μορφή: | Βιβλίο |
| Γλώσσα: | English |
| Δημοσίευση: |
New York :
John Wiley & Sons,
|
| Θέματα: | |
| Ετικέτες: |
Προσθήκη ετικέτας
Δεν υπάρχουν, Καταχωρήστε ετικέτα πρώτοι!
|
MARC
| LEADER | 00000nam a2200000 i 4500 | ||
|---|---|---|---|
| 001 | 1/50381 | ||
| 008 | 980729s1996 eng d | ||
| 020 | |a 0-471-17702-4 | ||
| 035 | |l 10043863 | ||
| 040 | |a GR-MY-UA |b gre |e aacr | ||
| 041 | 0 | |a eng | |
| 082 | 0 | |a 515 | |
| 245 | 1 | 0 | |a Applied calculus : |b for businnes, social sciences, and life sciences / |c Deborat Hughes-Hallett...[et al.]. ; with the assistance of Otto K. Bretscher |
| 260 | |a New York : |b John Wiley & Sons, | ||
| 300 | |a xv, 560 p.; |b ill.; |c 28 cm. | ||
| 500 | |a Includes index | ||
| 650 | 0 | 0 | |a Calculus. |
| 700 | 1 | |a Hughes-Hallett, Deborah. | |
| 852 | |a INST |b SAMOS |e 19980729 |h 515 APP |p 005300010873 |q 005300010873 |t BK |y 0 | ||
| 901 | |a BIBL-1998-2 | ||
| 909 | |a Σ |b 057565 | ||
| 922 | |a 3ΕΛΗ |b 199807 |c ΔΩΡ |d JOHN WILEY | ||